000 00710nam a2200193 i 4500
001 165953
003 ES-MaACL
005 20250819063108.0
008 171226s1927 fr | |||||||| ||fre d
100 1 _aTonnelat, Ernest,
_d1877-1948
_9110577
245 1 0 _aHistoire de la langue allemande /
_cpar Ernest Tonnelat.
260 _aParis :
_bArmand Colin,
_c1927.
300 _a204 p., 1 h. de mapa pleg. ;
_c17 cm.
490 1 _aCollection Armand Colin (section de langues et littératures ;
_v92
650 4 _aLengua alemana-
_xHistoria.
_9163980
830 0 _aCollection Armand Colin (section de langues et littératures ;
_v92
_9222507
852 _aES-MaACL
_jE-4499
999 _c165953
_d165953